[Event "Cajamarca op 3rd"]
[Site "Cajamarca"]
[Date "2011.03.27"]
[Round "5"]
[White "Munoz Esquivel, Jonathan"]
[Black "Benique Cabrera, Cesar Rem"]
[Result "0-1"]
[WhiteElo "1945"]
[BlackElo "1986"]
[PlyCount "96"]
[EventDate "2011.03.25"]
[EventType "swiss"]
[EventRounds "6"]
[EventCountry "PER"]
[SourceTitle "EXT 2024"]
[Source "ChessBase"]
[SourceDate "2023.10.10"]
[SourceVersion "1"]
[SourceVersionDate "2023.10.10"]
[SourceQuality "1"]

1. e4 c6 2. d4 d5 3. exd5 cxd5 4. c4 Nf6 5. Nc3 Nc6 6. Bg5 Be6 7. Nf3 g6 8. Bxf6 exf6 9. Qb3 Bb4 10. a3 Bxc3+ 11. bxc3 Qd7 12. Rb1 Rb8 13. c5 Bf5 14. Rb2 0-0 15. Be2 b6 16. cxb6 Rxb6 17. Qa2 Rxb2 18. Qxb2 Rb8 19. Qd2 Rb1+ 20. Bd1 Qe7+ 21. Qe2 Ra1 22. a4 Bc2 23. Qxe7 Nxe7 24. Kd2 Bxa4 25. Re1 Ra2+ 26. Kc1 Bxd1 27. Nd2 Ba4 28. Rxe7 Rc2+ 29. Kd1 Rxc3+ 30. Ke2 Bb5+ 31. Kd1 a6 32. Re3 Rc8 33. Nb3 Ba4 34. Kd2 Rc4 35. Nc5 Rxd4+ 36. Rd3 Rxd3+ 37. Kxd3 Bb5+ 38. Kd4 Bc4 39. Nd7 Kg7 40. Nb6 Bf1 41. g3 Bc4 42. Nxc4 dxc4 43. Kxc4 Kh6 44. Kb4 Kg5 45. f3 f5 46. Ka5 f4 47. Kxa6 fxg3 48. hxg3 f5 0-1

[Event "Cajamarca op 3rd"]
[Site "Cajamarca"]
[Date "2011.03.26"]
[Round "4"]
[White "Diaz Briceno, Karlo Roosev"]
[Black "Munoz Esquivel, Jonathan"]
[Result "0-1"]
[WhiteElo "1645"]
[BlackElo "1945"]
[PlyCount "86"]
[EventDate "2011.03.25"]
[EventType "swiss"]
[EventRounds "6"]
[EventCountry "PER"]
[SourceTitle "EXT 2024"]
[Source "ChessBase"]
[SourceDate "2023.10.10"]
[SourceVersion "1"]
[SourceVersionDate "2023.10.10"]
[SourceQuality "1"]

1. d4 Nf6 2. c4 g6 3. Nc3 d5 4. cxd5 Nxd5 5. e4 Nxc3 6. bxc3 Bg7 7. Bc4 c5 8. Ne2 0-0 9. 0-0 Nc6 10. Be3 Na5 11. Bd3 c4 12. Bc2 e5 13. f4 exf4 14. Nxf4 b5 15. Qd2 Nc6 16. Nd5 f5 17. Bg5 Qd6 18. Rae1 a5 19. Nb6 Rb8 20. Bf4 Qd8 21. Bxb8 Qxb6 22. Bd6 Nxd4 23. cxd4 Qxd6 24. e5 Qb6 25. Kh1 Be6 26. d5 Rd8 27. d6 b4 28. Qg5 Rd7 29. Ba4 Qd8 30. Qe3 Rb7 31. Bc6 Rb8 32. Qf3 b3 33. axb3 cxb3 34. Bd5 Qd7 35. Qd3 Qf7 36. Bxe6 Qxe6 37. d7 Rd8 38. Rd1 a4 39. Rf4 a3 40. Rc4 Rxd7 41. Rc8+ Bf8 42. Qxd7 Qxd7 43. Rxd7 b2 0-1